000 00477nam a2200169Ia 4500
999 _c12144
_d12144
003 OSt
005 20201103115453.0
008 190216s9999||||xx |||||||||||||| ||und||
040 _coclc
082 _a920
_bSEN/G
100 _aSen, N B
_92703
245 0 _aGlorious Thoughts Of Nehru /
_cN B Sen
260 _bNew Book Society Of India,
_c1968.
_aNew Delhi:
300 _a311p
650 _aEnglish Stories
942 _cBK
_2ddc
_h920
_iSEN/G
_k920
_mSEN/G